The Mentalist Episodes - Statistics

General Stats
  • This quiz has been taken 15 times
  • The average score is 25 of 150
Answer Stats
season Ep title % Correct
1 Pilot
92%
Red John
85%
His Red Right Hand
54%
Strawberries and cream
54%
Red Hair and Silver Tape
46%
Red John's Friends
46%
Red Tide
46%
Blue bird
38%
Red Badge
38%
Red John's Footsteps
38%
Red Moon
38%
White Orchids
38%
a dozen red Roses
31%
carnelian inc
31%
Crimson Casanova
31%
Ladies in Red
31%
Paint it Red
31%
Red Brick and Ivy
31%
Red Bulls
31%
2 Redemption
31%
Red menace
31%
Red Queen
31%
Red sauce
31%
3 Red sky at night
31%
Red Sky in the Morning
31%
Redwood
31%
Scarlet fever
31%
the great red dragon
31%
The scarlet Letter
31%
Black gold and Red Blood
23%
Blinking red light
23%
Blood Brothers
23%
Blood money
23%
Bloodshot
23%
Code Red
23%
Devil's Cherry
23%
Flame Red
23%
My Blue heaven
23%
Red handed
23%
red John's rules
23%
Red Rum
23%
Red Scare
23%
4 Scarlet Ribbons
23%
seeing Red
23%
The Crimson Hat
23%
6 the Desert Rose
23%
Throwing Fire
23%
violets
23%
Black hearts
15%
Black helicopters
15%
Black winged redbird
15%
Bleeding heart
15%
Blood in, Blood out
15%
brown eyed girls
15%
brown shag carpet
15%
byzantium
15%
grey Water
15%
His thoughts were Red Thoughts
15%
Il tavolo bianco
15%
little yellow house
15%
Miss red
15%
nothing gold can stay
15%
orange blossom ice cream
15%
Red Alert
15%
Red Dawn
15%
Red Letter
15%
Redline
15%
red velvet cupcakes
15%
silver wings of time
15%
the red Barn
15%
the Red tattoo
15%
wedding in red
15%
white as the driven snow
15%
18-5-4
8%
Aingavite Baa
8%
always bet on Red
8%
At First Blush
8%
Ball of fire
8%
Behind the red curtain
8%
Black Cherry
8%
black market
8%
Blood and Sand
8%
Blood Feud
8%
Blood for blood
8%
Bloodhounds
8%
Bloodsport
8%
Bloodstream
8%
Cackle bladder Blood
8%
Cheap Burgundy
8%
Cherry Picked
8%
copper bullet
8%
Days of wine and roses
8%
Every rose has its Thorn
8%
fire and brimstone
8%
Forest green
8%
Fugue in Red
8%
Golden hammer
8%
green light
8%
Green Thumb
8%
If it bleeds, it leads
8%
Jolly Red Elf
8%
Like a Redheaded Stepchild
8%
Little Red Book
8%
Little red Corvette
8%
My Bloody valentine
8%
7 Nothing but blue skies
8%
Not one red Cent
8%
Panama Red
8%
Pink Champagne on ice
8%
Pink Chanel Suit
8%
Pink Tops
8%
pretty Red Balloon
8%
Redacted
8%
Red all over
8%
red and itchy
8%
Red carpet treatment
8%
Red Gold
8%
Red Herring
8%
Red Hot
8%
Red in tooth and claw
8%
Red is the new black
8%
red Lacquer nail polish
8%
red letter day
8%
red listed
8%
Red Rover Red Rover
8%
Red Sails in the sunset
8%
red white and blue
8%
Rhapsody in Red
8%
Ring around the rosie
8%
Rose coloured Glasses
8%
Ruby Slippers
8%
Russett potatoes
8%
So long and thanks for all the red snapper
8%
the Blood on his hands
8%
the greybar hotel
8%
The Red Box
8%
The Red Mile
8%
The Red Ponies
8%
The redshirt
8%
there will be blood
8%
the silver briefcase
8%
the whites of his eyes
8%
War of the roses
8%
where in the world is Carmine O'brien
8%
A Price above the Rubies
0%
Ruby Cheeks
0%
Something's Rotten in Redmond
0%
5 The Red Glass Bead
0%
Thin red Line
0%
White lies
0%
No matching quizzes found
Score Distribution
Percent of People with Each Score
Percentile by Number Answered
Your Score History
You have not taken this quiz